[Event "93rd ch-GBR"]
[Site "Swansea WLS"]
[Date "2006.08.13"]
[Round "7"]
[White "Devereaux,M"]
[Black "Lalic,B"]
[Result "1/2-1/2"]
[WhiteElo "2377"]
[BlackElo "2488"]
[EventDate "2006.08.07"]

1. d4 Nf6 2. c4 e6 3. Nf3 c5 4. d5 b5 5. dxe6 fxe6 6. cxb5 d5 7. e3 Bd6 8.
Nc3 Nbd7 9. Bd3 Bb7 10. Qe2 e5 11. Bf5 e4 12. Nd2 Qe7 13. f4 exf3 14. Nxf3
O-O 15. Bd2 Rae8 16. O-O-O Nb6 17. Bd3 Ng4 18. Rde1 Qf6 19. Qf1 Ne5 1/2-1/2

[Event "93rd ch-GBR"]
[Site "Swansea WLS"]
[Date "2006.08.13"]
[Round "7"]
[White "Pert,R"]
[Black "Cobb,J"]
[Result "0-1"]
[WhiteElo "2445"]
[BlackElo "2370"]
[EventDate "2006.08.07"]

1. d4 Nf6 2. c4 e6 3. Nf3 c5 4. d5 a6 5. Nc3 b5 6. Bg5 b4 7. Ne4 d6 8.
Nxf6+ gxf6 9. Bh4 Be7 10. g3 Nd7 11. e4 Ne5 12. Nxe5 fxe5 13. Bxe7 Qxe7 14.
Qh5 exd5 15. cxd5 Qf6 16. Bg2 Qg6 17. Qd1 f5 18. exf5 Bxf5 19. O-O O-O 20.
a3 Rab8 21. Qd2 Bd3 22. Rfe1 e4 23. Bf1 bxa3 24. Rxa3 c4 25. Bxd3 cxd3 26.
Rxa6 Qf6 27. Ra2 Qd4 28. Rf1 Rf7 29. Ra6 Rbf8 30. Qc3 Qxc3 31. bxc3 e3 32.
Ra2 e2 33. f4 exf1=Q+ 34. Kxf1 Rc7 35. Kf2 Rxc3 36. Ke3 Re8+ 37. Kd4 Rc2
38. Ra1 d2 39. f5 0-1

[Event "93rd ch-GBR"]
[Site "Swansea WLS"]
[Date "2006.08.13"]
[Round "7"]
[White "Davies,Ni"]
[Black "Hodgson,Jo"]
[Result "1-0"]
[WhiteElo "2512"]
[BlackElo "2218"]
[EventDate "2006.08.07"]

1. f4 g6 2. Nf3 Bg7 3. g3 c5 4. Bg2 Nc6 5. O-O e6 6. e4 Nge7 7. c3 O-O 8.
Na3 d5 9. e5 b6 10. Re1 Ba6 11. d3 b5 12. Nc2 b4 13. cxb4 Nxb4 14. Nxb4
cxb4 15. Be3 Qa5 16. Qd2 Nc6 17. Rec1 Rfc8 18. Rc5 Qd8 19. Rac1 Bb7 20.
R5c2 a5 21. Bc5 Bf8 22. Bxf8 Qxf8 23. Qf2 Qd8 24. g4 Na7 25. f5 Rxc2 26.
Rxc2 Rc8 27. Rxc8 Nxc8 28. fxe6 fxe6 29. Nd4 Qb6 30. Nb3 a4 31. Nc5 Na7 32.
d4 Nb5 33. Bf1 a3 34. Bxb5 Qxb5 35. Nxe6 1-0

[Event "93rd ch-GBR"]
[Site "Swansea WLS"]
[Date "2006.08.13"]
[Round "7"]
[White "Sugden,J"]
[Black "Gordon,S"]
[Result "0-1"]
[WhiteElo "2166"]
[BlackElo "2443"]
[EventDate "2006.08.07"]

1. d4 Nf6 2. c4 e6 3. Nc3 Bb4 4. a3 Bxc3+ 5. bxc3 b6 6. f3 Ba6 7. e4 Nc6 8.
Bg5 h6 9. Bh4 Na5 10. Qa4 O-O 11. c5 Bxf1 12. Kxf1 d6 13. Ne2 dxc5 14. dxc5
Qd7 15. Qb4 Nh7 16. Kf2 e5 17. Rhd1 Qe6 18. cxb6 axb6 19. Kg1 Nc4 20. Bf2
Nf6 21. Ng3 Ra5 22. Nf5 Rfa8 23. a4 Kh7 24. Ne3 Nxe3 25. Bxe3 Qc6 26. Qb3
Kg6 27. Ra3 Rxa4 28. Rxa4 Rxa4 29. h3 Rc4 30. Rd3 Ne8 31. Qa3 Nd6 32. Bd2
Rc5 33. Qc1 Ra5 34. Qe1 Qc4 35. Re3 Kh7 36. Qg3 f5 37. Re1 f4 38. Qf2 Ra2
39. Re2 Qd3 0-1

[Event "93rd ch-GBR"]
[Site "Swansea WLS"]
[Date "2006.08.13"]
[Round "7"]
[White "Arakhamia,K"]
[Black "Ashton,A"]
[Result "1-0"]
[WhiteElo "2427"]
[BlackElo "2329"]
[EventDate "2006.08.07"]

1. e4 e5 2. Nf3 Nc6 3. Bb5 a6 4. Ba4 Nf6 5. O-O Be7 6. Re1 b5 7. Bb3 O-O 8.
h3 d6 9. c3 Na5 10. Bc2 c5 11. d4 Qc7 12. d5 Nc4 13. b3 Nb6 14. a4 Bd7 15.
a5 Nc8 16. c4 Kh8 17. Nc3 Ng8 18. Ne2 g6 19. Bb2 Bf6 20. Nh2 Bg7 21. f4
bxc4 22. bxc4 Rb8 23. Bc3 Nh6 24. Nf3 exf4 25. Bxg7+ Kxg7 26. Nxf4 Rb4 27.
Qd3 f6 28. Qc3 Nf7 29. Nd4 Re8 30. Nf5+ gxf5 31. Nh5+ Kf8 32. Qxf6 Re5 33.
exf5 Be8 34. Rxe5 dxe5 35. Ng7 Bd7 36. Ne6+ Bxe6 37. fxe6 Rxc4 38. exf7
Qxf7 39. Qh8+ Qg8 40. Qxe5 1-0

[Event "93rd ch-GBR"]
[Site "Swansea WLS"]
[Date "2006.08.13"]
[Round "7"]
[White "Knott,S"]
[Black "Rendle,T"]
[Result "1/2-1/2"]
[WhiteElo "2387"]
[BlackElo "2390"]
[EventDate "2006.08.07"]

1. Nf3 f5 2. g3 Nf6 3. Bg2 g6 4. O-O Bg7 5. d4 O-O 6. c4 d6 7. Nc3 c6 8.
Rb1 a5 9. d5 e5 10. dxe6 Bxe6 11. b3 Na6 12. Bf4 Nh5 13. Bg5 Qd7 14. Na4
Qc7 15. Be3 f4 16. Bb6 Qe7 17. Bxa5 Bf5 18. Rc1 Nc5 19. Bc3 Bh6 20. Qd4 Bg7
21. Qd1 1/2-1/2

[Event "93rd ch-GBR"]
[Site "Swansea WLS"]
[Date "2006.08.13"]
[Round "7"]
[White "Varley,P"]
[Black "Thomas,Ni"]
[Result "1-0"]
[WhiteElo "2228"]
[BlackElo "2299"]
[EventDate "2006.08.07"]

1. d4 e6 2. c4 Nf6 3. Nc3 Bb4 4. e3 O-O 5. Nge2 Re8 6. a3 Bf8 7. g3 d5 8.
cxd5 exd5 9. Bg2 c6 10. O-O Bf5 11. f3 Qc8 12. Nf4 Bd6 13. Nd3 c5 14. Nxc5
Bxc5 15. dxc5 Qxc5 16. g4 Be6 17. g5 Nfd7 18. f4 Nb6 19. f5 Bd7 20. Nxd5
Nxd5 21. Qxd5 Qxd5 22. Bxd5 Bc6 23. Bb3 Be4 24. h4 Nd7 25. Ba4 Rad8 26. Bd2
Bd3 27. Rf4 b5 28. Bd1 Ne5 29. Bc3 Nc4 30. f6 Nxe3 31. Bb3 g6 32. Re1 Nc4
33. Bxc4 bxc4 34. Re7 a6 35. Bb4 Rc8 36. Rd4 Bf5 37. Rd6 Ra8 38. Rxa6 Be6
39. Raxe6 1-0

[Event "93rd ch-GBR"]
[Site "Swansea WLS"]
[Date "2006.08.13"]
[Round "7"]
[White "Houska,Jo"]
[Black "Fowler,S"]
[Result "1-0"]
[WhiteElo "2364"]
[BlackElo "2181"]
[EventDate "2006.08.07"]

1. e4 e6 2. d4 d5 3. Nc3 Bb4 4. Bd3 dxe4 5. Bxe4 Nf6 6. Bf3 Nbd7 7. Nge2 e5
8. O-O O-O 9. Ng3 Re8 10. Bg5 Bxc3 11. bxc3 h6 12. Bd2 e4 13. Be2 Nb6 14.
f3 e3 15. Be1 Be6 16. Ne4 Bd5 17. Bh4 Nxe4 18. Bxd8 Nxc3 19. Bxc7 Nxd1 20.
Rfxd1 Rec8 21. Bxb6 axb6 22. Bd3 Rxa2 23. Rxa2 Bxa2 24. Re1 Bc4 25. Be4 e2
26. Kf2 Ba6 27. Ke3 Rc3+ 28. Kd2 Rc4 29. Ke3 Rc3+ 30. Kd2 Rc4 31. c3 Ra4
32. Bd5 Kf8 33. Kc2 Ra5 34. Bb3 Rg5 35. g4 h5 36. h4 hxg4 37. hxg5 gxf3 38.
Rxe2 Bxe2 39. Kd2 Ke7 40. Bd5 b5 41. Bxb7 Ke6 42. Be4 f5 43. gxf6 g5 44.
Ke3 g4 45. Bf5+ Kxf6 46. Bxg4 Bc4 47. Bxf3 Ke6 48. Be2 Kd5 49. Bd3 Bb3 50.
Bxb5 Bc2 51. c4+ Kd6 52. Kd2 Be4 53. Kc3 Ba8 54. Be8 Bb7 55. Kb4 Ba6 56. d5
Bb7 57. Bf7 Ba6 58. c5+ Kc7 59. Be8 Be2 60. d6+ Kb7 61. Kc3 Bf3 62. Kd4 Bg4
63. c6+ Kc8 64. Kc5 Kd8 65. Bg6 Kc8 66. Kb6 Kd8 67. Bd3 Bh3 68. Bb5 Bd7 69.
c7+ 1-0

[Event "93rd ch-GBR"]
[Site "Swansea WLS"]
[Date "2006.08.13"]
[Round "7"]
[White "Mason,D"]
[Black "Khandelwal,A"]
[Result "1/2-1/2"]
[WhiteElo "2266"]
[BlackElo "1974"]
[EventDate "2006.08.07"]

1. e4 e5 2. Nf3 Nc6 3. Bb5 Bc5 4. O-O Nf6 5. Nxe5 O-O 6. Bxc6 dxc6 7. d3
Re8 8. Nf3 Bg4 9. Be3 Qd6 10. Nbd2 Bxe3 11. fxe3 Qc5 12. d4 Qb4 13. e5 Nd5
14. Qe2 Qxb2 15. c4 Bxf3 16. gxf3 Nf4 17. exf4 Qxd4+ 18. Kh1 Qxf4 19. Rae1
Rad8 20. Nb3 b6 21. Qe4 Qxe4 22. Rxe4 c5 23. Rfe1 Kf8 24. Kg2 a5 25. a4 Rd3
26. R4e3 Red8 27. Kf2 Ke7 28. Ke2 R3d7 29. f4 g6 30. Kf3 Ke6 31. h4 h5 32.
Rg1 Rd1 33. Rxd1 Rxd1 34. Ke4 Rh1 35. Nd2 Ra1 36. Nf3 Rxa4 37. Ng5+ Ke7 38.
Kd5 c6+ 39. Kxc6 Rxc4 40. Kxb6 Rxf4 41. Nf3 Ke6 42. Kxc5 a4 43. Nd4+ Ke7
44. Ra3 Rxh4 45. Rxa4 Rh1 46. Ra7+ Kf8 47. e6 fxe6 48. Nxe6+ Ke8 49. Kd6
Rd1+ 50. Ke5 h4 51. Rh7 Rh1 52. Kf6 Rf1+ 53. Kxg6 h3 54. Rxh3 Ke7 55. Ng5
Ke8 56. Rh7 Kd8 57. Ne6+ Ke8 58. Nd4 Kd8 59. Nf5 Ke8 60. Kf6 Kd8 61. Ke6
Re1+ 62. Kd5 Rd1+ 63. Nd4 Ke8 64. Ke6 Re1+ 65. Kd6 Rd1 66. Re7+ Kf8 67. Re4
Kf7 68. Rf4+ Ke8 1/2-1/2

[Event "93rd ch-GBR"]
[Site "Swansea WLS"]
[Date "2006.08.13"]
[Round "7"]
[White "Constantinou,P"]
[Black "Tippleston,C"]
[Result "1/2-1/2"]
[WhiteElo "2148"]
[BlackElo "2203"]
[EventDate "2006.08.07"]

1. d4 d5 2. Bf4 Nf6 3. e3 g6 4. Nf3 Bg7 5. Be2 O-O 6. O-O b6 7. a4 a5 8. c4
Bb7 9. Nc3 Na6 10. Be5 Nb4 11. cxd5 Nfxd5 12. Rc1 Bxe5 13. Nxe5 f6 14. Nd3
Nxd3 15. Bxd3 Nb4 16. Qb3+ Kg7 17. Be4 Bxe4 18. Nxe4 Rc8 19. Rc4 c6 20. Nc3
Qd7 21. Na2 Nxa2 22. Qxa2 Qd5 23. b3 Rc7 24. Qc2 f5 25. Rc1 Rf6 26. b4 axb4
27. Rxb4 c5 28. Rc4 Rfc6 29. h3 Kf7 30. Qc3 Rc8 31. a5 Ra8 32. dxc5 bxc5
33. Qa3 Rac8 34. a6 Qd6 35. Qb3 Qe6 36. Ra1 Ra8 37. a7 Rc7 38. Qc3 Rcxa7
39. Rxa7 Rxa7 40. Rxc5 Qf6 1/2-1/2

[Event "93rd ch-GBR"]
[Site "Swansea WLS"]
[Date "2006.08.13"]
[Round "7"]
[White "Poobalasingam,P"]
[Black "Sowray,P"]
[Result "0-1"]
[WhiteElo "2068"]
[BlackElo "2357"]
[EventDate "2006.08.07"]

1. d4 Nf6 2. c4 c5 3. d5 b5 4. a4 b4 5. g3 d6 6. Bg2 g6 7. b3 Bg7 8. Bb2 a5
9. Nf3 Ra7 10. O-O O-O 11. Nbd2 e5 12. e4 Ng4 13. Ne1 f5 14. Nd3 f4 15. h3
Nf6 16. gxf4 exf4 17. Nxf4 Nxd5 18. Bxg7 Rxf4 19. Bb2 Nc3 20. Bxc3 bxc3 21.
Nf3 Raf7 22. Ne1 Qg5 23. Qd5 Qxd5 24. exd5 Rb7 25. Nd3 Rd4 26. Nc1 Bf5 27.
Ne2 Rxb3 28. Rfe1 Rxc4 29. Nc1 Rb2 30. Bf1 Re4 0-1

[Event "93rd ch-GBR"]
[Site "Swansea WLS"]
[Date "2006.08.13"]
[Round "7"]
[White "Rudd,J"]
[Black "Surtees,M"]
[Result "1-0"]
[WhiteElo "2328"]
[BlackElo "2182"]
[EventDate "2006.08.07"]

1. d4 c6 2. Nf3 f6 3. e4 g6 4. c4 e5 5. dxe5 fxe5 6. Nxe5 Qa5+ 7. Bd2 Qxe5
8. Bc3 Qxe4+ 9. Be2 Nf6 10. Bxf6 Bb4+ 11. Nc3 O-O 12. O-O Qf4 13. Bd4 d6
14. Be3 Qf7 15. Ne4 Qe7 16. a3 Bc5 17. Nxc5 dxc5 18. Qd2 Na6 19. Rad1 Be6
20. Bg5 Qf7 21. b3 Rac8 22. h4 h5 23. Bd3 Rc7 24. Qc2 Kh7 25. Rfe1 Bg4 26.
f3 Bc8 27. Re5 Re8 28. Bxg6+ 1-0

[Event "93rd ch-GBR"]
[Site "Swansea WLS"]
[Date "2006.08.13"]
[Round "7"]
[White "Sherwin,J"]
[Black "Briscoe,C"]
[Result "0-1"]
[WhiteElo "2291"]
[BlackElo "2137"]
[EventDate "2006.08.07"]

1. e4 c5 2. Nf3 d6 3. Bc4 Nc6 4. O-O Nf6 5. d3 Bg4 6. h3 Bh5 7. Nbd2 e6 8.
Bb3 Be7 9. Qe1 h6 10. e5 Nd5 11. exd6 Qxd6 12. Nc4 Qc7 13. Nce5 Nxe5 14.
Nxe5 O-O-O 15. f4 f6 16. Nc4 Bf7 17. Bd2 g5 18. f5 exf5 19. Rxf5 Kb8 20.
Rf2 Rhf8 21. Qe4 Be8 22. Qf5 h5 23. Re1 Rg8 24. Na5 Bf7 25. Rfe2 Bd6 26.
Kh1 Bf4 27. Nc4 Bg3 28. Rf1 Bg6 29. Qf3 g4 30. Qxd5 Rxd5 31. Ne3 Rdd8 32.
Bxg8 Rxg8 33. Rxf6 Qe5 34. Rf1 gxh3 35. Be1 Be8 36. Rf3 Bxe1 37. Rxe1 Rxg2
38. Rxh3 Rg3 0-1

[Event "93rd ch-GBR"]
[Site "Swansea WLS"]
[Date "2006.08.13"]
[Round "7"]
[White "Ledger,D"]
[Black "Dilleigh,S"]
[Result "1-0"]
[WhiteElo "2274"]
[BlackElo "2134"]
[EventDate "2006.08.07"]

1. e4 e6 2. d4 d5 3. Nc3 Nf6 4. Bg5 dxe4 5. Nxe4 Be7 6. Bxf6 Bxf6 7. Nf3
Nd7 8. Bc4 a6 9. O-O b5 10. Bb3 Bb7 11. Re1 O-O 12. c3 Be7 13. Qe2 Nf6 14.
Neg5 Bd5 15. Ne5 Qd6 16. Bc2 h6 17. Nh3 c5 18. Rad1 Bd8 19. Nf4 Bb6 20. Qd3
c4 21. Qh3 Bd8 22. Re3 Nh7 23. Nxd5 exd5 24. Bxh7+ Kxh7 25. Nd7 Bc7 26.
Nxf8+ Rxf8 27. Rde1 Qf4 28. g3 Qg5 29. Qd7 Bb8 30. Re8 Rxe8 31. Rxe8 1-0

[Event "93rd ch-GBR"]
[Site "Swansea WLS"]
[Date "2006.08.13"]
[Round "7"]
[White "Roberts,DL"]
[Black "Addison,B"]
[Result "0-1"]
[WhiteElo "2126"]
[BlackElo "2241"]
[EventDate "2006.08.07"]

1. e4 e5 2. Nf3 Nc6 3. d4 exd4 4. Nxd4 Nf6 5. Nxc6 bxc6 6. e5 Qe7 7. Qe2
Nd5 8. c4 Ba6 9. b3 g5 10. e6 Bg7 11. Ba3 Qxe6 12. Qxe6+ fxe6 13. cxd5 Bxf1
14. Rxf1 cxd5 15. Ke2 Bxa1 16. Rc1 Be5 17. Nd2 Bf4 18. Rc3 Bxd2 19. Kxd2
Kd8 20. Rf3 d6 21. Rf7 e5 22. Ke2 Rb8 23. Kf3 Rb6 24. Bc1 h6 25. Kg4 Rc6
26. Bd2 Ke8 27. Rg7 Rf8 28. f3 Rc2 29. Be1 Rxg2+ 30. Bg3 Rf7 31. Rg6 d4 32.
Rxh6 d3 0-1

[Event "93rd ch-GBR"]
[Site "Swansea WLS"]
[Date "2006.08.13"]
[Round "7"]
[White "Goodger,M"]
[Black "Corke,A"]
[Result "0-1"]
[WhiteElo "2128"]
[BlackElo "2179"]
[EventDate "2006.08.07"]

1. e4 d5 2. exd5 Nf6 3. Nf3 Nxd5 4. d4 g6 5. c4 Nb6 6. c5 Nd5 7. Bc4 Bg7 8.
Nc3 Nxc3 9. bxc3 O-O 10. O-O Nc6 11. Re1 e5 12. Bg5 Qd7 13. Nxe5 Nxe5 14.
dxe5 Qf5 15. f4 h6 16. Bd3 Qd7 17. Bh4 Qc6 18. Bf2 Rd8 19. Qc2 Be6 20. a4
Bd5 21. Bb5 Qe6 22. c4 Bxg2 23. Kxg2 a6 24. a5 axb5 25. cxb5 Qg4+ 26. Bg3
Rd4 27. Ra4 Rd5 28. Qe2 Qd7 29. e6 fxe6 30. Qxe6+ Qxe6 31. Rxe6 Rxc5 32.
Rxg6 Kf7 33. Rg4 Rxb5 34. f5 Rbxa5 35. Rxa5 Rxa5 36. Bxc7 Rxf5 37. Rf4 Rxf4
38. Bxf4 b5 39. Kf3 Ke6 40. Ke4 b4 41. Bd2 b3 42. Bc1 h5 43. Ba3 Kf6 44. h3
Kg5 45. Kf3 Kf5 46. Ke3 Bf6 47. Kf3 Ke5 48. Ke3 Kd5 49. Kd3 Be5 50. Bc1 Kc5
51. Be3+ Kb4 52. Bc1 Bf6 53. Kd2 Bg5+ 54. Kd1 Bxc1 55. Kxc1 h4 56. Kb2 Kc4
57. Kb1 Kc3 58. Kc1 Kd3 59. Kb2 Ke3 60. Kxb3 Kf3 0-1

[Event "93rd ch-GBR"]
[Site "Swansea WLS"]
[Date "2006.08.13"]
[Round "7"]
[White "Chevannes,S"]
[Black "Cannon,Ri"]
[Result "1/2-1/2"]
[WhiteElo "2080"]
[BlackElo "2102"]
[EventDate "2006.08.07"]

1. d4 e6 2. Nf3 Nf6 3. c3 d5 4. Bg5 Be7 5. Nbd2 O-O 6. e3 b6 7. Bd3 Bb7 8.
Ne5 Ne4 9. Bxe7 Qxe7 10. O-O Nxd2 11. Qxd2 f6 12. Nf3 e5 13. Bc2 e4 14. Nh4
f5 15. g3 g5 16. Ng2 Nd7 17. Bb3 Nf6 18. c4 dxc4 19. Bxc4+ Kh8 20. Rac1
Rad8 21. Qc2 Rd6 22. Qa4 a6 23. Qc2 Ne8 24. Qe2 f4 25. exf4 gxf4 26. Qh5 e3
27. Qe5+ Qxe5 28. dxe5 Bxg2 29. exd6 Bxf1 30. d7 Nf6 31. Rxf1 exf2+ 32.
Rxf2 Nxd7 33. Rxf4 Rxf4 34. gxf4 a5 35. Kf2 Kg7 36. Ke3 c6 37. Kd4 Kf6 38.
Bd3 h6 39. Be4 Nb8 40. a3 Ke6 41. h4 Kd6 42. Bf5 Na6 43. Bg4 Nc7 44. f5 Nd5
45. Bf3 Nf6 46. Bxc6 Ng4 47. Bf3 Ne5 48. Bh5 Nd7 49. Bg6 Ne5 50. h5 Ng4 51.
Kc4 Kc6 52. Be8+ Kd6 53. Kb5 Kc7 54. Bg6 Nf6 55. Bf7 Ne4 56. Bg6 Nf6 57.
Kc4 Kd6 58. Kd4 1/2-1/2

[Event "93rd ch-GBR"]
[Site "Swansea WLS"]
[Date "2006.08.13"]
[Round "7"]
[White "Shaw,P"]
[Black "Hughes,Ro"]
[Result "1-0"]
[WhiteElo "2122"]
[BlackElo "2071"]
[EventDate "2006.08.07"]

1. d4 Nf6 2. c4 e6 3. Nf3 Bb4+ 4. Bd2 Qe7 5. a3 Bxd2+ 6. Qxd2 d6 7. Nc3 O-O
8. e4 e5 9. d5 a5 10. b3 Nbd7 11. Qb2 Nc5 12. Nd2 Nh5 13. b4 axb4 14. axb4
Rxa1+ 15. Qxa1 Na6 16. Qa3 Nf4 17. Nb3 f5 18. g3 Ng6 19. c5 f4 20. c6 fxg3
21. hxg3 Qf7 22. Rh2 Nb8 23. cxb7 Bxb7 24. Qa7 Bc6 25. b5 Bd7 26. Qxc7 Rc8
27. Qa5 Qf3 28. Kd2 Bg4 29. Be2 Qxc3+ 30. Qxc3 Rxc3 31. Kxc3 Bxe2 32. Kb4
Bd3 33. f3 Nf8 34. Ra2 Nfd7 35. Ra8 Kf7 36. Na5 g5 37. Nc6 g4 38. fxg4 Bxe4
39. Nxb8 Nb6 40. Ra7+ Kg6 41. Nd7 Nxd5+ 42. Kb3 Kg5 43. b6 Nxb6 44. Nxb6
Kxg4 45. Rg7+ Bg6 46. Nc4 Kxg3 47. Nxd6 Kf2 48. Nf7 e4 49. Ne5 e3 50. Nxg6
hxg6 51. Rf7+ Ke1 52. Kc2 e2 53. Re7 g5 54. Kd3 1-0

[Event "93rd ch-GBR"]
[Site "Swansea WLS"]
[Date "2006.08.13"]
[Round "7"]
[White "Pym,T"]
[Black "Thomas,Jos"]
[Result "0-1"]
[WhiteElo "2114"]
[BlackElo "2029"]
[EventDate "2006.08.07"]

1. e4 g6 2. d4 Bg7 3. Nc3 d6 4. Be3 c6 5. f4 b5 6. Nf3 b4 7. Nb1 Nf6 8. Bd3
Ng4 9. Bg1 O-O 10. Qe2 c5 11. e5 cxd4 12. h3 Ne3 13. Nxd4 dxe5 14. Qxe3
exd4 15. Qf3 Qc7 16. Be4 d3 17. Bxa8 dxc2 18. Nc3 bxc3 19. b3 Rd8 20. Be3
Ba6 21. Be4 Qa5 22. Kf2 Rd2+ 23. Kg3 Be2 24. Qf2 Bd1 25. Bxd2 cxd2 26.
Raxd1 Qc3+ 27. Bf3 c1=Q 28. Rxc1 dxc1=Q 29. Rxc1 Qxc1 30. Qxa7 Qe1+ 31. Kh2
Qb4 32. Qc7 Bd4 33. a4 Be3 34. g3 Bd4 35. a5 Kg7 36. Bb7 Qd2+ 37. Bg2 Qf2
38. h4 Na6 39. Qc4 Nc5 40. Kh3 Ne6 41. b4 h5 42. b5 Nxf4+ 43. gxf4 Qe3+ 44.
Kh2 Qxf4+ 0-1

[Event "93rd ch-GBR"]
[Site "Swansea WLS"]
[Date "2006.08.14"]
[Round "8"]
[White "Parker,J"]
[Black "Hebden,M"]
[Result "1-0"]
[WhiteElo "2509"]
[BlackElo "2532"]
[EventDate "2006.08.07"]

1. d4 Nf6 2. c4 g6 3. Nc3 Bg7 4. e4 d6 5. f4 O-O 6. Nf3 Na6 7. Bd3 e5 8.
fxe5 dxe5 9. d5 Nh5 10. O-O Qe7 11. Kh1 Bg4 12. Qe1 c5 13. Bg5 f6 14. Be3
f5 15. Bg5 Qe8 16. exf5 gxf5 17. Be2 Nb4 18. Qd2 e4 19. Nh4 Qe5 20. Rae1
Qd4 21. Nxf5 Bxf5 22. Bxh5 Nd3 23. Be7 Nxe1 24. Qxe1 Qxc4 25. Be2 Qd4 26.
Qg3 Qd2 27. Bxc5 Kh8 28. Bxf8 Rxf8 29. d6 Qxb2 30. d7 Qxc3 31. Qxc3 Bxc3
32. Rxf5 Rd8 33. Rf7 Bd4 34. g4 Bb6 35. Kg2 Rg8 36. Re7 Rd8 37. g5 Rf8 38.
Rxe4 Kg7 39. Bh5 Bd8 40. h4 h6 41. Re5 hxg5 42. hxg5 Rf4 43. Re8 Bxg5 44.
d8=Q Bxd8 45. Rxd8 Ra4 46. Rd2 Ra3 47. Be2 Kf6 48. Kf2 a6 49. Ke1 b5 50.
Kd1 Ke5 51. Kc1 Ke4 52. Kb2 b4 53. Bf1 a5 54. Rh2 Rg3 55. Rh4+ Kd5 1-0

[Event "93rd ch-GBR"]
[Site "Swansea WLS"]
[Date "2006.08.14"]
[Round "8"]
[White "Cobb,J"]
[Black "Greet,A"]
[Result "1/2-1/2"]
[WhiteElo "2370"]
[BlackElo "2431"]
[EventDate "2006.08.07"]

1. d4 Nf6 2. Nf3 e6 3. g3 b5 4. Bg2 Bb7 5. O-O c5 6. c3 Na6 7. Bg5 Be7 8.
Nbd2 O-O 9. e3 h6 10. Bxf6 Bxf6 11. Qe2 b4 12. Ne5 d5 13. Qb5 Bc8 14. e4
Rb8 15. Qa4 Bxe5 16. dxe5 d4 17. Rfd1 bxc3 18. bxc3 Qd7 19. Qxd7 Bxd7 20.
Nb3 c4 21. Nxd4 Nc5 22. Rd2 Rb7 23. f3 Rc8 24. Bf1 Na4 25. Rc1 Rb6 26. Nc2
Bb5 27. Ne3 Ra6 28. Rb1 Nxc3 29. Rbb2 Rb6 30. Rdc2 Na4 31. Rb4 a6 32. Bxc4
Rbc6 33. Bxb5 Rxc2 34. Nxc2 axb5 35. Nd4 Nc3 36. a3 Rc5 37. Rb3 Rc4 38.
Nxb5 Nxb5 39. Rxb5 Rc3 40. Rb8+ Kh7 41. f4 Rxa3 42. Rb7 Kg8 43. Rb8+ Kh7
44. Rf8 Kg6 45. g4 Ra4 46. f5+ Kh7 47. Rxf7 Rxe4 48. h3 Kg8 49. fxe6
1/2-1/2

[Event "93rd ch-GBR"]
[Site "Swansea WLS"]
[Date "2006.08.14"]
[Round "8"]
[White "Gordon,S"]
[Black "Devereaux,M"]
[Result "1-0"]
[WhiteElo "2443"]
[BlackElo "2377"]
[EventDate "2006.08.07"]

1. d4 d5 2. c4 c6 3. Nc3 Nf6 4. Nf3 dxc4 5. a4 Bf5 6. e3 e6 7. Bxc4 Bb4 8.
Ne5 Nbd7 9. Nxd7 Qxd7 10. f3 e5 11. Qb3 Bd6 12. e4 exd4 13. Nb5 Bc5 14.
exf5 O-O 15. Na3 Rae8+ 16. Kf1 Qe7 17. Bg5 Qe5 18. Qd3 Nh5 19. Nc2 Nf4 20.
Bxf4 Qxf4 21. g3 Qd6 22. Kg2 a5 23. Rhe1 h5 24. Rxe8 Rxe8 25. Re1 Rxe1 26.
Nxe1 h4 27. Qe4 Qd8 1-0

[Event "93rd ch-GBR"]
[Site "Swansea WLS"]
[Date "2006.08.14"]
[Round "8"]
[White "Arakhamia,K"]
[Black "Taylor,Mart"]
[Result "1-0"]
[WhiteElo "2427"]
[BlackElo "2332"]
[EventDate "2006.08.07"]

1. e4 e5 2. Nf3 Nc6 3. Bb5 a6 4. Ba4 Nf6 5. O-O Be7 6. Re1 b5 7. Bb3 d6 8.
c3 O-O 9. h3 Na5 10. Bc2 c5 11. d4 Qc7 12. d5 Nc4 13. b3 Nb6 14. a4 Bd7 15.
a5 Nc8 16. c4 b4 17. Nbd2 g6 18. Nf1 Nh5 19. Bh6 Ng7 20. g4 f6 21. Ng3 Rf7
22. Nh2 Bf8 23. f4 exf4 24. Bxf4 Ne7 25. Nf3 Re8 26. Qd3 Nc8 27. Kh2 Ree7
28. Rg1 Ne8 29. Ra2 Bg7 30. Bb1 Rf8 31. Bc1 Ref7 32. Ne2 Qd8 33. Nf4 Nc7
34. h4 Bh8 35. Nh3 Ne7 36. Bh6 Bg7 37. Bf4 Bc8 38. h5 Re8 39. Bc1 Qd7 40.
Nf4 Bh8 41. Rf2 Kf8 42. Qf1 Kg8 43. Kh1 Qd8 44. Qh3 g5 45. Ne2 Ref8 46. Ng3
Ne8 47. Ra2 Qd7 48. Nh2 Nc7 49. h6 Ng6 50. Nf5 Qd8 51. Nf3 Ne8 52. Qh5 Ra7
53. Be3 Rff7 54. e5 fxe5 55. Nxg5 Nf6 56. Nxf7 Rxf7 57. Qg5 Kf8 58. Rf2 Ne7
59. Ng7 Neg8 60. Qh4 Bxg7 61. hxg7+ Kxg7 62. g5 1-0

[Event "93rd ch-GBR"]
[Site "Swansea WLS"]
[Date "2006.08.14"]
[Round "8"]
[White "Rendle,T"]
[Black "Haslinger,S"]
[Result "0-1"]
[WhiteElo "2390"]
[BlackElo "2423"]
[EventDate "2006.08.07"]

1. e4 e5 2. Nf3 d6 3. d4 exd4 4. Nxd4 Nf6 5. Nc3 Be7 6. Bd3 O-O 7. O-O Re8
8. a4 h6 9. a5 Bf8 10. Nd5 c6 11. Nxf6+ Qxf6 12. c3 Nd7 13. Bc2 Nc5 14. Re1
Bd7 15. b4 Na6 16. Qd3 Rad8 17. Be3 c5 18. e5 Qg6 19. Qd2 Qh5 20. Qd3 g6
21. e6 Bxe6 22. Nxe6 Rxe6 23. b5 Nc7 24. b6 axb6 25. axb6 Nd5 26. Bb3 Re5
27. Rad1 Nxb6 28. Qb5 Nc8 29. Qxb7 Qf5 30. Ba4 Re7 31. Qb8 Qe4 32. Bb3 Qb7
33. Qxb7 Rxb7 34. Bd5 Rb8 35. Bxc5 dxc5 36. Bxf7+ Kxf7 37. Rxd8 Be7 38. Rd7
Ke8 39. Rc7 Kd8 40. Rc6 Bd6 41. Rd1 Ke7 42. g3 Ke6 43. c4 Ra8 44. Kg2 g5
45. h3 Ke7 46. Rd3 Ke6 47. Kf3 Kd7 48. Rxc5 Ne7 49. Rb5 Kc6 50. Rb2 Rf8+
51. Kg2 Rf6 52. Re2 Kc5 53. Rf3 Rg6 54. Rf7 Nc6 55. Rf5+ Kd4 56. Rd2+ Kc3
57. Rd1 Be5 58. c5 Kc4 59. Rc1+ Kd5 60. Rf7 Ke6 61. Rf8 Kd5 62. Kf3 h5 63.
Kg2 h4 64. Kf3 g4+ 65. hxg4 hxg3 66. fxg3 Nd4+ 67. Kf2 Rxg4 68. Rd8+ Kc6
69. Rc3 Ne6 70. Rd6+ Bxd6 71. cxd6+ Kxd6 72. Kf3 Rd4 73. Ra3 Nc7 74. g4 Nd5
75. Kg3 Ke5 76. Rf3 Nf6 77. Rf5+ Ke6 78. Rf4 Rd7 79. Ra4 Ke5 80. Kf3 Rd3+
81. Ke2 Rg3 82. Kf2 Rb3 83. Ra5+ Ke4 84. Ra4+ Ke5 85. Ra5+ Nd5 86. g5 Rh3
87. g6 Rh6 88. Ra6 Nf6 89. Ra5+ Kf4 90. g7 Rg6 91. Ra6 Ne4+ 92. Kf1 Rxg7
93. Ra3 Rd7 94. Ke2 Rd2+ 95. Ke1 Ke5 96. Ra5+ Kf4 97. Ra3 Rh2 98. Kd1 Ke5
99. Ke1 Kd4 100. Kf1 Nc3 101. Kg1 0-1

[Event "93rd ch-GBR"]
[Site "Swansea WLS"]
[Date "2006.08.14"]
[Round "8"]
[White "Ward,C"]
[Black "Houska,Jo"]
[Result "0-1"]
[WhiteElo "2461"]
[BlackElo "2364"]
[EventDate "2006.08.07"]

1. d4 d5 2. c4 c6 3. Nc3 Nf6 4. Nf3 e6 5. Bg5 Be7 6. e3 h6 7. Bh4 O-O 8.
Bd3 Nbd7 9. cxd5 cxd5 10. O-O Nb8 11. Rc1 Nc6 12. Bb1 Bd7 13. Ne5 Be8 14.
f4 g6 15. Rf3 Kg7 16. Rh3 Rc8 17. Qf3 b5 18. Rf1 b4 19. Nd1 Nxe5 20. fxe5
Nh7 21. Bxe7 Qxe7 22. Qf4 Ng5 23. Qf6+ Qxf6 24. exf6+ Kh7 25. Rh4 Bb5 26.
Rff4 Ne4 27. Bxe4 dxe4 28. Rxe4 Rc1 29. Re5 Rxd1+ 30. Kf2 a6 31. d5 Rd2+
32. Kg3 exd5 33. Rxb4 g5 34. Rd4 Rxb2 35. Rexd5 Rxa2 36. e4 Rc8 37. Rd2
Rxd2 38. Rxd2 Kg6 39. e5 Kf5 0-1

[Event "93rd ch-GBR"]
[Site "Swansea WLS"]
[Date "2006.08.14"]
[Round "8"]
[White "Buckley,G"]
[Black "Pert,R"]
[Result "0-1"]
[WhiteElo "2379"]
[BlackElo "2445"]
[EventDate "2006.08.07"]

1. d4 Nf6 2. c4 e6 3. Nc3 Bb4 4. e3 O-O 5. Bd3 d5 6. Nf3 c5 7. O-O Nc6 8.
a3 Ba5 9. Na4 dxc4 10. Bxc4 cxd4 11. exd4 h6 12. Qd3 Ne7 13. Nc5 Bc7 14.
Re1 b6 15. Ne4 Nf5 16. Nxf6+ Qxf6 17. Ne5 Bb7 18. Bf4 Nh4 19. Bg3 Nxg2 20.
Re4 Rad8 21. f3 b5 22. Ng4 Qg5 23. Bxc7 bxc4 24. Bxd8 Rxd8 25. Qc2 Bxe4 26.
Qxe4 Nf4 27. h4 Qf5 28. Ne3 Qxe4 29. fxe4 Rxd4 30. Kf2 Nd3+ 31. Kf3 Nxb2
32. Rc1 Rd3 33. Ke2 Rxa3 34. Nxc4 Nxc4 35. Rxc4 g6 0-1